[Event "AUTO-BEG-482"]
[Site "http://www.queenalice.com/game.php?id=934027"]
[Date "2011.5.4"]
[Round "1"]
[White "Jomaley"]
[Black "Cafecomleite"]
[Result "1-0"]
[WhiteElo "1329"]
[BlackElo "1151"]

1. Nc3 e5 2. e4 Nf6 3. Bd3 Bc5 4. Nh3 O-O 5. g4 d6 6. Nd5 Bxg4 7. Be2 c6 8.
Nxf6+ Qxf6 9. O-O Bxh3 10. c3 Bxf1 11. Qxf1 d5 12. exd5 cxd5 13. b4 1-0

[Event "Challenge"]
[Site "http://www.queenalice.com/game.php?id=934494"]
[Date "2011.5.5"]
[Round "-"]
[White "Cafecomleite"]
[Black "reccar"]
[Result "1-0"]
[WhiteElo "1223"]
[BlackElo "1272"]

1. e4 e6 2. Nf3 g6 3. d4 Bg7 4. Bc4 c6 5. e5 d5 6. exd6 Qxd6 7. Nc3 Bd7 8. Be3
Ne7 9. Qd2 b5 10. Bf4 Qb4 11. a3 Qxb2 12. O-O bxc4 13. Rfb1 Qxb1+ 14. Rxb1 Nf5
15. Ng5 a5 16. Bxb8 Bh6 17. Bf4 Bg7 18. Nf3 h6 19. Ne5 Bxe5 20. Bxe5 Rh7 21. Na4
Ra7 22. Nb6 a4 23. Qb4 Rb7 24. Qc5 Kd8 25. Bf6+ Kc7 26. Be5+ Kd8 27. Qf8+ Be8
28. g4 Ne7 29. Bf6 g5 30. Rb4 Rb8 31. Qxe7# 1-0

[Event "Challenge"]
[Site "http://www.queenalice.com/game.php?id=934495"]
[Date "2011.5.5"]
[Round "-"]
[White "reccar"]
[Black "Cafecomleite"]
[Result "1-0"]
[WhiteElo "1257"]
[BlackElo "1238"]

1. g3 e5 2. Bg2 d5 3. b3 Nf6 4. Bb2 Nc6 5. e3 Nb4 6. Bxe5 Bf5 7. d3 Ng4 8. h3
Nxe5 9. a3 Nbxd3+ 10. cxd3 Bxd3 11. f4 Bd6 12. fxe5 Bxe5 13. Ra2 Be4 14. Bxe4
dxe4 15. Rd2 Bxg3+ 16. Kf1 O-O 17. Rxd8 Rfxd8 18. Nd2 c5 19. Ne2 Bh4 20. Qc2 Rd5
21. Nxe4 Rf5+ 22. Nf4 Re8 23. Nd6 Rxe3 24. Nxf5 Re1+ 25. Kg2 1-0

[Event "AUTO-BEG-483"]
[Site "http://www.queenalice.com/game.php?id=937104"]
[Date "2011.5.12"]
[Round "1"]
[White "Cafecomleite"]
[Black "Jam112"]
[Result "0-1"]
[WhiteElo "1220"]
[BlackElo "1449"]

1. e4 e5 2. Nc3 Nf6 3. d4 Bb4 4. dxe5 Nxe4 5. Ne2 Qh4 6. g3 Qh5 7. Bg2 Qxe5 8.
Bxe4 Qxe4 9. Bf4 Qxh1+ 10. Kd2 Qxd1+ 0-1

[Event "AUTO-BEG-483"]
[Site "http://www.queenalice.com/game.php?id=937125"]
[Date "2011.5.12"]
[Round "1"]
[White "shanforchess"]
[Black "Cafecomleite"]
[Result "1-0"]
[WhiteElo "1287"]
[BlackElo "1265"]

1. Nf3 d5 2. Nc3 Nc6 3. d4 Nf6 4. Ne5 Nxe5 5. dxe5 d4 6. Nb5 c5 7. Bg5 Ne4 8. e3
Nxg5 9. exd4 cxd4 10. Qxd4 e6 11. Qxd8+ Kxd8 12. O-O-O+ Bd7 13. f4 Rc8 14. Nxa7
Rc5 15. Bb5 Ne4 16. Bxd7 Ke7 17. Rhe1 f6 18. Nc8+ 1-0

[Event "AUTO-BEG-483"]
[Site "http://www.queenalice.com/game.php?id=937126"]
[Date "2011.5.12"]
[Round "1"]
[White "Cafecomleite"]
[Black "shanforchess"]
[Result "1-0"]
[WhiteElo "1250"]
[BlackElo "1310"]

1. e4 Nc6 2. d4 Nf6 3. Nc3 e5 4. d5 Nb4 5. a3 d6 6. axb4 Bg4 7. Be2 Bxe2 8.
Ngxe2 Be7 9. O-O c6 10. Be3 c5 11. Ng3 Qd7 12. b5 O-O 13. Nf5 g6 14. Bh6 Rfe8
15. Qf3 gxf5 16. Qg3+ Ng4 17. f3 Qe6 18. dxe6 Kh8 19. fxg4 Bf8 20. exf7 Bxh6 21.
fxe8=Q+ Rxe8 22. Rxf5 Rf8 23. Qh4 b6 24. Qxh6 Rxf5 25. gxf5 1-0

[Event "AUTO-BEG-484"]
[Site "http://www.queenalice.com/game.php?id=939327"]
[Date "2011.5.17"]
[Round "1"]
[White "Newton"]
[Black "Cafecomleite"]
[Result "1-0"]
[WhiteElo "1421"]
[BlackElo "1199"]

1. e4 e5 2. Nf3 Nc6 3. Bb5 d6 4. d4 Ne7 5. d5 a6 6. Ba4 b5 7. Bxb5 axb5 8. dxc6
Nxc6 9. Qe2 Ba6 10. Be3 Be7 11. b3 O-O 12. c4 bxc4 13. bxc4 Re8 14. Qc2 Nb4 15.
Qc3 1-0

[Event "AUTO-BEG-484"]
[Site "http://www.queenalice.com/game.php?id=939328"]
[Date "2011.5.17"]
[Round "1"]
[White "Cafecomleite"]
[Black "Newton"]
[Result "0-1"]
[WhiteElo "1207"]
[BlackElo "1413"]

1. e4 e5 2. Nc3 Nf6 3. d4 exd4 4. Qxd4 Nc6 5. Qd1 Bc5 6. Nf3 d6 7. Be3 Bxe3 8.
fxe3 Bg4 9. Be2 O-O 10. h3 Bxf3 11. Bxf3 Re8 12. Qd2 a6 13. Rf1 Ne5 14. Nd5
Nxf3+ 0-1

[Event "AUTO-BEG-484"]
[Site "http://www.queenalice.com/game.php?id=939337"]
[Date "2011.5.17"]
[Round "1"]
[White "esatni"]
[Black "Cafecomleite"]
[Result "1-0"]
[WhiteElo "1366"]
[BlackElo "1242"]

1. e4 e5 2. Qf3 Nf6 3. Bc4 Nc6 4. d3 d6 5. Bg5 h6 6. Bxf6 gxf6 7. c3 Be6 8. Nd2
Qd7 9. Ne2 Bg7 10. h3 O-O-O 11. O-O f5 12. Ng3 f4 13. Nh5 Rhg8 14. a4 Bh8 15.
Nf6 Bxf6 16. b4 Bg5 17. b5 Na5 18. d4 Nxc4 19. Rfd1 Nb2 20. Rdb1 Nc4 21. d5 Nxd2
22. Qd1 Nxb1 23. Rxb1 Bh4 24. dxe6 Qxe6 25. a5 Qc4 26. a6 b6 27. Qe1 1-0

[Event "AUTO-BEG-484"]
[Site "http://www.queenalice.com/game.php?id=939338"]
[Date "2011.5.17"]
[Round "1"]
[White "Cafecomleite"]
[Black "esatni"]
[Result "0-1"]
[WhiteElo "1254"]
[BlackElo "1354"]

1. e4 e5 2. Nc3 Bc5 3. Nf3 d6 4. d4 Bg4 5. Be3 Bb4 6. Qd2 Nc6 7. Bg5 f6 8. d5
Nce7 9. Bh4 g5 10. Bg3 c5 11. Bb5+ Kf8 12. a3 Ba5 13. O-O a6 14. Ba4 b5 15. Rab1
bxa4 16. b3 f5 17. Nxg5 f4 18. Bxf4 exf4 19. Qxf4+ Ke8 20. Qxg4 Nf6 21. Qe6 Rf8
22. e5 dxe5 23. Nce4 Nxe4 24. Rbd1 Nxg5 25. Qg4 Nxd5 26. c4 Nf6 0-1

[Event "AUTO-BEG-485"]
[Site "http://www.queenalice.com/game.php?id=940868"]
[Date "2011.5.21"]
[Round "1"]
[White "Cafecomleite"]
[Black "NinhAlone"]
[Result "0-1"]
[WhiteElo "1192"]
[BlackElo "1131"]

1. e4 e5 2. Nf3 Nf6 3. Nc3 d5 4. Bb5+ c6 5. Bd3 d4 6. Na4 b5 7. Nxe5 bxa4 8. O-O
Bd6 9. Bc4 Bxe5 10. Qf3 Bg4 11. Qd3 h5 12. h3 Be6 13. b3 Qd6 14. Bb2 Nbd7 15.
Rfe1 axb3 16. axb3 Nc5 17. Qf3 Bh2+ 18. Kf1 a6 0-1

[Event "AUTO-BEG-485"]
[Site "http://www.queenalice.com/game.php?id=940869"]
[Date "2011.5.21"]
[Round "1"]
[White "NinhAlone"]
[Black "Cafecomleite"]
[Result "1-0"]
[WhiteElo "1100"]
[BlackElo "1192"]

1. e4 e5 2. Nf3 Nc6 3. d4 d5 4. Nxe5 Nxe5 5. dxe5 Be6 6. Nc3 d4 7. Nd5 Ne7 8.
Bg5 c6 9. Bxe7 Bxe7 10. Qxd4 cxd5 11. O-O-O Bg5+ 12. Kb1 O-O 13. exd5 Bf5 14.
Bd3 Bxd3 15. Qxd3 b6 16. Qg3 h6 17. Qb3 Rc8 18. c4 1-0

[Event "AUTO-BEG-485"]
[Site "http://www.queenalice.com/game.php?id=940870"]
[Date "2011.5.21"]
[Round "1"]
[White "Cafecomleite"]
[Black "Daghdha"]
[Result "1-0"]
[WhiteElo "1129"]
[BlackElo "1144"]

1. e4 e5 2. Nf3 Nf6 3. d4 exd4 4. Qxd4 Nc6 5. Qd1 Nxe4 6. Be3 d5 7. Bd4 Bc5 8.
Bd3 Bxd4 9. c3 Bxf2+ 10. Kf1 Bc5 11. Nbd2 1-0

[Event "AUTO-BEG-485"]
[Site "http://www.queenalice.com/game.php?id=940871"]
[Date "2011.5.21"]
[Round "1"]
[White "Daghdha"]
[Black "Cafecomleite"]
[Result "0-1"]
[WhiteElo "1127"]
[BlackElo "1146"]

1. e4 e5 2. Nf3 Nc6 3. d4 d5 4. dxe5 dxe4 5. Qxd8+ Kxd8 6. Bg5+ Be7 7. Bxe7+
Ngxe7 8. Ng5 Nxe5 9. Nxf7+ Nxf7 10. Bc4 Ne5 0-1

[Event "AUTO-BEG-485"]
[Site "http://www.queenalice.com/game.php?id=940872"]
[Date "2011.5.21"]
[Round "1"]
[White "Cafecomleite"]
[Black "rafa_sax88"]
[Result "0-1"]
[WhiteElo "1231"]
[BlackElo "1367"]

1. e4 e5 2. Nf3 Nc6 3. d4 exd4 4. Nxd4 Bc5 5. Bc4 Nf6 6. Nc3 Bxd4 7. Bf4 O-O 8.
O-O d6 9. Nd5 Nxe4 10. Qf3 f5 11. c3 Bc5 12. Nxc7+ d5 13. Bxd5+ Kh8 14. Nxa8 Qh4
15. g3 Qh3 16. Bxe4 fxe4 17. Qxe4 b5 18. Rfe1 Bb7 19. Nc7 Nd8 20. Qe7 Bxe7 0-1

[Event "AUTO-BEG-485"]
[Site "http://www.queenalice.com/game.php?id=940873"]
[Date "2011.5.21"]
[Round "1"]
[White "rafa_sax88"]
[Black "Cafecomleite"]
[Result "1-0"]
[WhiteElo "1320"]
[BlackElo "1268"]

1. e4 e5 2. Nf3 Nc6 3. Bc4 Nf6 4. d3 d5 5. exd5 Nxd5 6. Nc3 Nxc3 7. bxc3 Bf5 8.
Qe2 Bd6 9. Ng5 f6 10. Nf7 Ke7 11. Nxd8 Kxd8 12. Qh5 g6 13. Qh4 g5 14. Qh6 Na5
15. Qxf6+ 1-0